Tecnología y gestión de agencias de viajes

Saved in:
Bibliografiske detaljer
Hovedforfatter: Kohen, Pablo A (Author)
Format: Bog
Sprog:spansk
Udgivet: Buenos Aires Macchi 2005
Udgivelse:1a. ed
Serier:Colección Turismo y Hotelería
Fag:
Tags: Tilføj Tag
Ingen Tags, Vær først til at tagge denne postø!

MARC

LEADER 00000nam a2200000 a 4500
001 UCI5022
003 CL-VaPUC
008 080311e20050000AG |||||||||||||||||spa|d
020 |a 9505376286 
082 0 4 |a 338.4791  |b KOH  |2 21 
100 0 |a Kohen, Pablo A  |e author  |9 527067 
245 1 0 |a Tecnología y gestión de agencias de viajes 
250 |a 1a. ed 
300 |a 204 p 
942 |c BK 
945 |d 20080311 00:00:00  |a cmena 
260 |a Buenos Aires  |b Macchi  |c 2005 
650 0 |a Turismo  |9 308920 
650 0 |a Agencias de viajes   |9 412826 
650 0 |a Administración de empresas   |9 260833 
583 |a last modification  |c 20080311 00:00:00  |k Rodrigo Vera 
490 0 |a Colección Turismo y Hotelería 
999 |c 328786  |d 328784